000 00572nam a22002057a 4500
005 20180625151505.0
008 180625b xxu||||| |||| 00| 0 eng d
010 _aB-093957
020 _a817656639-X
035 _aB-093957
037 _bBPPD/PUB
040 _aDPL
_bEng
082 _a511
100 _aKumar Vinay
245 _aDiscrete Mathematics /
_cby Vinay Kumar
260 _a New Delhi
_bBPB Publication
_c2013
270 _aB-14, Connaught place.
_bNew Delhi
_e110001
300 _a483p.
_c25cm (Hb)
942 _2ddc
_cEN
_mVIN
_h511
999 _c153071
_d153071